00399pab a2200145 454500008004000000100002200040245003400062260000900096300001300105362001100118650002400129650003700153650002900190773003400219180718b2000 xxu||||| |||| 00| 0 eng d aJayaprakash, N.D. aNuclear disarmament and India c2000 ap.525-33 a12 Feb aDisarmament - India aNuclear nonproliferation - India aNuclear nonproliferation aEconomic and Political Weekly